000
00332nam a22001457a 4500
008
180813b xxu||||| |||| 00| 0 eng d
020
_a
9781402073199
041
_a
eng
080
_a
616.120
082
_a
616.120 RYC
100
_a
7
101
_a
KAR
245
_a
Hypoplastic left heart syndrome
_c
RYCHIK.J
942
_2
udc
_c
BK
999
_c
47031
_d
47031